Biggest US Cities Without an FBS Team - Statistics

General Stats
  • This quiz has been taken 62 times
  • The average score is 16 of 20
Answer Stats
State Population City % Correct
NY 8,097,282 New York
98%
IL 2,638,159 Chicago
96%
AZ 1,662,607 Phoenix
96%
FL 997,164 Jacksonville
92%
CO 716,234 Denver
90%
IN 876,665 Indianapolis
90%
OK 709,330 Oklahoma City
88%
MI 631,524 Detroit
86%
OR 622,882 Portland
86%
MD 559,266 Baltimore
84%
CA 788,478 San Francisco
82%
DC 681,683 Washington
82%
WI 556,111 Milwaukee
80%
CA 526,669 Sacramento
78%
MO 511,532 Kansas City
75%
CA 435,024 Oakland
71%
NE 480,194 Omaha
69%
AZ 513,567 Mesa
65%
VA 451,637 Virginia Beach
65%
CA 444,095 Long Beach
43%
No matching quizzes found
Score Distribution
Percent of People with Each Score
Percentile by Number Answered
Your Score History
You have not taken this quiz